<?xml version="1.0" encoding="UTF-8"?>
<record
    xmlns:xsi="http://www.w3.org/2001/XMLSchema-instance"
    xsi:schemaLocation="http://www.loc.gov/MARC21/slim http://www.loc.gov/standards/marcxml/schema/MARC21slim.xsd"
    xmlns="http://www.loc.gov/MARC21/slim">

  <leader>00504nam a22001817a 4500</leader>
  <controlfield tag="005">20240918104224.0</controlfield>
  <controlfield tag="008">190606b        xxu||||| |||| 00| 0 eng d</controlfield>
  <datafield tag="020" ind1=" " ind2=" ">
    <subfield code="a">978-9-87-686-20-5</subfield>
  </datafield>
  <datafield tag="041" ind1=" " ind2=" ">
    <subfield code="a">eng</subfield>
  </datafield>
  <datafield tag="082" ind1=" " ind2=" ">
    <subfield code="a">610.01</subfield>
  </datafield>
  <datafield tag="100" ind1=" " ind2=" ">
    <subfield code="a">GUPTA, DR. G.D. SHRAMA., DR. SHAILESH  KAUR .,RAMANJEET AND JOSHI, RAKESH</subfield>
    <subfield code="9">8265</subfield>
  </datafield>
  <datafield tag="245" ind1=" " ind2=" ">
    <subfield code="a">COMPUTER APPLICATIONS IN PHARMACY</subfield>
  </datafield>
  <datafield tag="250" ind1=" " ind2=" ">
    <subfield code="a">3rd, Ed, 2019</subfield>
  </datafield>
  <datafield tag="260" ind1=" " ind2=" ">
    <subfield code="a">PUNE</subfield>
    <subfield code="b">NIRALI PRAKASHAN</subfield>
  </datafield>
  <datafield tag="300" ind1=" " ind2=" ">
    <subfield code="a">7.10p.</subfield>
  </datafield>
  <datafield tag="650" ind1=" " ind2=" ">
    <subfield code="a">PHARMACY</subfield>
    <subfield code="x">B.PHARMA</subfield>
  </datafield>
  <datafield tag="942" ind1=" " ind2=" ">
    <subfield code="c">BK</subfield>
  </datafield>
  <datafield tag="999" ind1=" " ind2=" ">
    <subfield code="c">5955</subfield>
    <subfield code="d">5953</subfield>
  </datafield>
  <datafield tag="952" ind1=" " ind2=" ">
    <subfield code="0">0</subfield>
    <subfield code="1">0</subfield>
    <subfield code="4">0</subfield>
    <subfield code="7">0</subfield>
    <subfield code="8">REF</subfield>
    <subfield code="a">JRU</subfield>
    <subfield code="b">JRU</subfield>
    <subfield code="c">SHELF -11-E</subfield>
    <subfield code="d">2019-06-06</subfield>
    <subfield code="e">PURCHESS</subfield>
    <subfield code="g">95.00</subfield>
    <subfield code="l">0</subfield>
    <subfield code="p">23021</subfield>
    <subfield code="r">2019-06-06 00:00:00</subfield>
    <subfield code="w">2019-06-06</subfield>
    <subfield code="y">BK</subfield>
  </datafield>
  <datafield tag="952" ind1=" " ind2=" ">
    <subfield code="0">0</subfield>
    <subfield code="1">0</subfield>
    <subfield code="4">0</subfield>
    <subfield code="7">0</subfield>
    <subfield code="8">PHARMACY</subfield>
    <subfield code="a">JRU</subfield>
    <subfield code="b">JRU</subfield>
    <subfield code="c">Shelf - 25- H</subfield>
    <subfield code="d">2019-06-06</subfield>
    <subfield code="e">PURCHESS</subfield>
    <subfield code="g">95.00</subfield>
    <subfield code="l">1</subfield>
    <subfield code="o">610.01</subfield>
    <subfield code="p">23022</subfield>
    <subfield code="r">2023-06-26 00:00:00</subfield>
    <subfield code="s">2023-06-20</subfield>
    <subfield code="w">2019-06-06</subfield>
    <subfield code="y">BK</subfield>
  </datafield>
  <datafield tag="952" ind1=" " ind2=" ">
    <subfield code="0">0</subfield>
    <subfield code="1">0</subfield>
    <subfield code="4">0</subfield>
    <subfield code="7">0</subfield>
    <subfield code="8">PHARMACY</subfield>
    <subfield code="a">JRU</subfield>
    <subfield code="b">JRU</subfield>
    <subfield code="c">Shelf - 25- H</subfield>
    <subfield code="d">2019-06-06</subfield>
    <subfield code="e">PURCHESS</subfield>
    <subfield code="g">95.00</subfield>
    <subfield code="l">6</subfield>
    <subfield code="o">610.01</subfield>
    <subfield code="p">23023</subfield>
    <subfield code="r">2026-04-06 16:25:33</subfield>
    <subfield code="s">2026-03-24</subfield>
    <subfield code="w">2019-06-06</subfield>
    <subfield code="y">BK</subfield>
  </datafield>
  <datafield tag="952" ind1=" " ind2=" ">
    <subfield code="0">0</subfield>
    <subfield code="1">0</subfield>
    <subfield code="4">0</subfield>
    <subfield code="7">0</subfield>
    <subfield code="8">PHARMACY</subfield>
    <subfield code="a">JRU</subfield>
    <subfield code="b">JRU</subfield>
    <subfield code="c">Shelf - 25- H</subfield>
    <subfield code="d">2019-06-06</subfield>
    <subfield code="e">PURCHESS</subfield>
    <subfield code="g">95.00</subfield>
    <subfield code="l">1</subfield>
    <subfield code="o">610.01</subfield>
    <subfield code="p">23024</subfield>
    <subfield code="r">2026-03-26 08:43:29</subfield>
    <subfield code="s">2026-03-14</subfield>
    <subfield code="w">2019-06-06</subfield>
    <subfield code="y">BK</subfield>
  </datafield>
  <datafield tag="952" ind1=" " ind2=" ">
    <subfield code="0">0</subfield>
    <subfield code="1">0</subfield>
    <subfield code="4">0</subfield>
    <subfield code="7">0</subfield>
    <subfield code="8">PHARMACY</subfield>
    <subfield code="a">JRU</subfield>
    <subfield code="b">JRU</subfield>
    <subfield code="c">Shelf - 25- H</subfield>
    <subfield code="d">2019-06-06</subfield>
    <subfield code="e">PURCHESS</subfield>
    <subfield code="g">95.00</subfield>
    <subfield code="l">3</subfield>
    <subfield code="o">610.01</subfield>
    <subfield code="p">23025</subfield>
    <subfield code="r">2026-03-16 08:44:29</subfield>
    <subfield code="s">2026-03-09</subfield>
    <subfield code="w">2019-06-06</subfield>
    <subfield code="y">BK</subfield>
  </datafield>
  <datafield tag="952" ind1=" " ind2=" ">
    <subfield code="0">0</subfield>
    <subfield code="1">0</subfield>
    <subfield code="4">0</subfield>
    <subfield code="7">0</subfield>
    <subfield code="8">PHARMACY</subfield>
    <subfield code="a">JRU</subfield>
    <subfield code="b">JRU</subfield>
    <subfield code="c">Shelf - 25- H</subfield>
    <subfield code="d">2022-02-09</subfield>
    <subfield code="e">PURCHASE</subfield>
    <subfield code="g">110.00</subfield>
    <subfield code="l">3</subfield>
    <subfield code="o">610.01</subfield>
    <subfield code="p">26076</subfield>
    <subfield code="r">2026-04-22 15:07:42</subfield>
    <subfield code="s">2026-04-15</subfield>
    <subfield code="w">2022-02-09</subfield>
    <subfield code="y">BK</subfield>
  </datafield>
  <datafield tag="952" ind1=" " ind2=" ">
    <subfield code="0">0</subfield>
    <subfield code="1">0</subfield>
    <subfield code="4">0</subfield>
    <subfield code="7">0</subfield>
    <subfield code="8">PHARMACY</subfield>
    <subfield code="a">JRU</subfield>
    <subfield code="b">JRU</subfield>
    <subfield code="c">Shelf - 25- H</subfield>
    <subfield code="d">2022-02-09</subfield>
    <subfield code="e">PURCHASE</subfield>
    <subfield code="g">110.00</subfield>
    <subfield code="l">1</subfield>
    <subfield code="o">610.01</subfield>
    <subfield code="p">26077</subfield>
    <subfield code="r">2024-04-19 14:56:42</subfield>
    <subfield code="s">2024-04-04</subfield>
    <subfield code="w">2022-02-09</subfield>
    <subfield code="y">BK</subfield>
  </datafield>
  <datafield tag="952" ind1=" " ind2=" ">
    <subfield code="0">0</subfield>
    <subfield code="1">0</subfield>
    <subfield code="4">0</subfield>
    <subfield code="7">0</subfield>
    <subfield code="8">PHARMACY</subfield>
    <subfield code="a">JRU</subfield>
    <subfield code="b">JRU</subfield>
    <subfield code="c">Shelf - 25- H</subfield>
    <subfield code="d">2022-02-09</subfield>
    <subfield code="e">PURCHASE</subfield>
    <subfield code="g">110.00</subfield>
    <subfield code="l">1</subfield>
    <subfield code="o">610.01</subfield>
    <subfield code="p">26078</subfield>
    <subfield code="r">2026-04-16 16:26:55</subfield>
    <subfield code="s">2026-04-06</subfield>
    <subfield code="w">2022-02-09</subfield>
    <subfield code="y">BK</subfield>
  </datafield>
</record>
